| 000 | 00910nam a2200265 a 4500 | ||
|---|---|---|---|
| 005 | 20240925064840.0 | ||
| 008 | 170324s2006 mx r 000 0 spa d | ||
| 020 | _a9702608422 | ||
| 035 | _aUPN01000217028 | ||
| 049 | _aCG | ||
| 050 | 4 |
_aH62 _bH8.4 2006 |
|
| 100 | 1 |
_aHunt, Elgin F. _940194 |
|
| 245 | 1 | 0 |
_aIntroducción a las ciencias sociales / _cElgin F. Hunt, David C. Colander ; tr. Erika M. Jasso Hernán D'Borneville. |
| 250 | _a12a ed. | ||
| 260 |
_aMéxico : _bPearson Educación, _c2006. |
||
| 300 |
_a504 p. : _bil., mapas |
||
| 534 |
_pTítulo original: _tAn introduction to the study of science |
||
| 650 | 4 |
_aCiencias sociales _xEstudio y enseñanza _96678 |
|
| 650 | 2 |
_aProblemas sociales _96247 |
|
| 650 | 4 |
_aCIENCIAS SOCIALES Y ETICA _912408 |
|
| 650 | 4 |
_aCiencias sociales _vLibros de texto _910472 |
|
| 700 | 1 |
_aColander, David C., _ecoaut. |
|
| 905 | _aLibro | ||
| 999 |
_c189128 _d189128 |
||